<?xml version="1.0" encoding="UTF-8"?>
<record
    xmlns:xsi="http://www.w3.org/2001/XMLSchema-instance"
    xsi:schemaLocation="http://www.loc.gov/MARC21/slim http://www.loc.gov/standards/marcxml/schema/MARC21slim.xsd"
    xmlns="http://www.loc.gov/MARC21/slim">

  <leader>01923nam a2200229 a 4500</leader>
  <controlfield tag="001">000013300</controlfield>
  <controlfield tag="003">OSt</controlfield>
  <controlfield tag="005">20201110132455.0</controlfield>
  <controlfield tag="008">081117s1988    dr ac         000 0 spa d</controlfield>
  <datafield tag="040" ind1=" " ind2=" ">
    <subfield code="a">DO-SdBNP</subfield>
    <subfield code="b">spa</subfield>
    <subfield code="c">BNPHU</subfield>
  </datafield>
  <datafield tag="100" ind1="1" ind2=" ">
    <subfield code="a">S&#xE1;nchez de Luciano, Daysi</subfield>
    <subfield code="9">1249</subfield>
  </datafield>
  <datafield tag="245" ind1="1" ind2="0">
    <subfield code="a">Matem&#xE1;tica :</subfield>
    <subfield code="b">educaci&#xF3;n primaria /</subfield>
    <subfield code="c">Daysi S&#xE1;nchez de Luciano ; ilustraciones Benny Juscelino Ure&#xF1;a.</subfield>
  </datafield>
  <datafield tag="250" ind1=" " ind2=" ">
    <subfield code="a">3a. ed.</subfield>
  </datafield>
  <datafield tag="260" ind1=" " ind2=" ">
    <subfield code="a">Santo Domingo, :</subfield>
    <subfield code="b">Disesa,</subfield>
    <subfield code="c">1988.</subfield>
  </datafield>
  <datafield tag="300" ind1=" " ind2=" ">
    <subfield code="a">v. :</subfield>
    <subfield code="b">il., retrs. ;</subfield>
    <subfield code="c">27 cm.</subfield>
  </datafield>
  <datafield tag="500" ind1=" " ind2=" ">
    <subfield code="a">Educaci&#xF3;n primaria.</subfield>
  </datafield>
  <datafield tag="500" ind1=" " ind2=" ">
    <subfield code="a">La biblioteca solamente posee el volumen 7.</subfield>
  </datafield>
  <datafield tag="500" ind1=" " ind2=" ">
    <subfield code="a">Estej libro ha sido aprobado por la Secretar&#xED;a de Estado de Educaci&#xF3;n, Bellas Artes y Cultos, mediante oficio No. 7755 de fecha 3 de julio de 1987; para ser usado como texto b&#xE1;sico en 7mo. curso de la educaci&#xF3;n primaria.</subfield>
  </datafield>
  <datafield tag="505" ind1="0" ind2=" ">
    <subfield code="a">v. 7 :</subfield>
    <subfield code="g">tema 1 --</subfield>
    <subfield code="t">Introducci&#xF3;n a la l&#xF3;gica matem&#xE1;tica --</subfield>
    <subfield code="g">tema 2 --</subfield>
    <subfield code="t">Los conjuntos --</subfield>
    <subfield code="g">tema 3 --</subfield>
    <subfield code="t">Operaciones entre conjuntos --</subfield>
    <subfield code="g">tema 4 --</subfield>
    <subfield code="t">Relaciones y funciones --</subfield>
    <subfield code="g">tema 5 --</subfield>
    <subfield code="t">Adici&#xF3;n y multiplicaci&#xF3;n en el conjunto de los n&#xFA;meros naturales --</subfield>
    <subfield code="g">tema 6 --</subfield>
    <subfield code="t">La sustraci&#xF3;n y la divisi&#xF3;n en el conjunto de los n&#xFA;meros naturales --</subfield>
    <subfield code="g">tema 7 --</subfield>
    <subfield code="t">Propiedades de monotnon&#xED;a y cancelaci&#xF3;n de la igualdad y la desigualdad --</subfield>
    <subfield code="g">tema 8 --</subfield>
    <subfield code="t">Potenciaci&#xF3;n en el conjunto de n&#xFA;meros naturales --</subfield>
    <subfield code="g">tema 9 --</subfield>
    <subfield code="t">Ra&#xED;z cuadrada de n&#xFA;meros naturales --</subfield>
    <subfield code="g">tema 10 --</subfield>
    <subfield code="t">El conjunto de los n&#xFA;meros fraccionarios positivos --</subfield>
    <subfield code="g">tema 11 --</subfield>
    <subfield code="t">Operaciones con n&#xFA;meros fraccionarios positivos. Resoluci&#xF3;n de problemas --</subfield>
    <subfield code="g">tema 12 --</subfield>
    <subfield code="t">N&#xFA;meros decimales --</subfield>
    <subfield code="g">tema 13 --</subfield>
    <subfield code="t">Proporci&#xF3;n. Inter&#xE9;s. Descuento --</subfield>
    <subfield code="g">tema 14 --</subfield>
    <subfield code="t">Conceptos geom&#xE9;tricos b&#xE1;sicos --</subfield>
    <subfield code="g">tema 15 --</subfield>
    <subfield code="t">Construcciones geom&#xE9;tricas --</subfield>
    <subfield code="g">tema 16 --</subfield>
    <subfield code="t">Sistema de medidas. Comparaci&#xF3;n --</subfield>
    <subfield code="g">tema 17 --</subfield>
    <subfield code="t">Prismas y pir&#xE1;mides, sus &#xE1;reas y vol&#xFA;menes --</subfield>
  </datafield>
  <datafield tag="700" ind1="1" ind2=" ">
    <subfield code="a">Juscelino Ure&#xF1;a, Benny</subfield>
    <subfield code="e">il.</subfield>
    <subfield code="9">30500</subfield>
  </datafield>
  <datafield tag="942" ind1=" " ind2=" ">
    <subfield code="2">ddc</subfield>
    <subfield code="c">LBS1</subfield>
  </datafield>
  <datafield tag="952" ind1=" " ind2=" ">
    <subfield code="0">0</subfield>
    <subfield code="1">0</subfield>
    <subfield code="7">1</subfield>
    <subfield code="8">PD</subfield>
    <subfield code="a">PD</subfield>
    <subfield code="b">PD</subfield>
    <subfield code="c">HD</subfield>
    <subfield code="d">2009-11-23</subfield>
    <subfield code="i">LF1</subfield>
    <subfield code="l">0</subfield>
    <subfield code="o"> </subfield>
    <subfield code="p">13300-10</subfield>
    <subfield code="r">2020-06-25</subfield>
    <subfield code="w">2020-06-25</subfield>
    <subfield code="y">LFPD</subfield>
    <subfield code="Z">No se presta</subfield>
  </datafield>
  <datafield tag="999" ind1=" " ind2=" ">
    <subfield code="c">12930</subfield>
    <subfield code="d">12930</subfield>
  </datafield>
</record>
